00331nam a2200121Ia 4500008004100000020002200041041000800063082002700071100002200098245003600120260004500156300000800201230411s9999 xx 000 0 und d a978-81-8191-390-6 aeng aMS/610.7361/BAN/B08355 aBanerjee Soumitra aPractical Guide to Hemodialysis bParas Medical PublisheraHyderabadc2013 a82p